Midsummer Retail Report 2015 (Record no. 115620)

MARC details
000 -LEADER
fixed length control field 01111cad a22002415a 4500
001 - CONTROL NUMBER
control field L158991
008 - FIXED-LENGTH DATA ELEMENTS--GENERAL INFORMATION
fixed length control field 140923s2015 xxk f 000 0 eng d
035 ## - SYSTEM CONTROL NUMBER
System control number (Sirsi) u158991
041 0# - LANGUAGE CODE
Language code of text/sound track or separate title eng
110 2# - MAIN ENTRY--CORPORATE NAME
Corporate name or jurisdiction name as entry element Colliers International
9 (RLIN) 5548
245 00 - TITLE STATEMENT
Title Midsummer Retail Report 2015
Medium [electronic resource]
490 #0 - SERIES STATEMENT
Series statement Colliers International Midsummer Retail Report
520 ## - SUMMARY, ETC.
Summary, etc. Annual survey of the UK retail sector looks at economic factors and investment and development opportunities in retail. Other features include an overview of the Central London market, retail lease analysis, shopping centres, out of town and online retailing, Although UK orientated includes a section on international retailing.
590 ## - LOCAL NOTE (RLIN)
Local note KA
650 24 - SUBJECT ADDED ENTRY--TOPICAL TERM
Topical term or geographic name entry element RETAIL
650 24 - SUBJECT ADDED ENTRY--TOPICAL TERM
Topical term or geographic name entry element ONLINE SHOPPING
650 24 - SUBJECT ADDED ENTRY--TOPICAL TERM
Topical term or geographic name entry element OUT OF TOWN
651 #4 - SUBJECT ADDED ENTRY--GEOGRAPHIC NAME
Geographic name United Kingdom
690 ## - LOCAL SUBJECT ADDED ENTRY--TOPICAL TERM (OCLC, RLIN)
Topical term or geographic name as entry element Commercial property
9 (RLIN) 6227
690 ## - LOCAL SUBJECT ADDED ENTRY--TOPICAL TERM (OCLC, RLIN)
Topical term or geographic name as entry element Investments
9 (RLIN) 6250
856 40 - ELECTRONIC LOCATION AND ACCESS
Uniform Resource Identifier <a href="https://www.colliers.com/en-gb/uk/services/retail/midsummer-retail-report-2015">https://www.colliers.com/en-gb/uk/services/retail/midsummer-retail-report-2015</a>
Public note View the item free of charge (pre-registration required) from the www.colliers.com
942 ## - ADDED ENTRY ELEMENTS (KOHA)
Suppress in OPAC 0
Holdings
Withdrawn status Lost status Source of classification or shelving scheme Damaged status Not for loan Home library Current library Shelving location Date acquired Total Checkouts Full call number Barcode Date last seen Copy number Price effective from Koha item type
    Dewey Decimal Classification     Virtual Virtual Online 26/11/2015   ONLINE PUBLICATION 158991-2001 06/08/2019 1 06/08/2019 Book